000 00657nam a2200253Ia 4500
003 OSt
005 20220924124119.0
006 a|||||r|||| 00| 0
007 ta
008 220923b |||||||| |||| 00| 0 san d
024 _a39026
037 _cTextual
040 _aARTS
_cARTS
_bsan
041 _2san
_asan
082 _aO15:1A2, 111B4;L3.3
100 _aVyasa K D
245 0 _aMahabarata
260 _aNew Delhi
_b Munshi Ram Manoharlal india
_c1973
300 _a614p.
_ccm.
490 _vVol.-3
650 _aSANSKRIT LITERATURE
942 _hO15:1A2, 111B4;L3.3
_cTEXL
_2CC
999 _c418443
_d418443